| 000 | 01208cam a22002771i 4500 | ||
|---|---|---|---|
| 003 | SA-RiAUC | ||
| 005 | 20250709070202.0 | ||
| 008 | 250709s2003 le g 000 0 ara c | ||
| 020 | _a9953340005 | ||
| 040 |
_aJO-IrYU _bara _cSA-RiAUC _erda |
||
| 050 | 4 | _b.M83 2003 | |
| 082 | 0 | 4 | _a216.4 |
| 090 |
_a216.4 _b م ع ل |
||
| 100 | 1 |
_aالمعلمي، عبد الرحمن بن يحيى بن علي، _d1313-1386 هجري _eمؤلف. |
|
| 245 | 1 | 0 |
_aرفع الاشتباه عن معنى العبادة والأدلة وتحقيق معنى التوحيد والشرك بالله / _cعبد الرحمن بن يحيى بن علي المعلمي اليماني ؛ تحقيق الداني بن منير آل زهوي. |
| 264 | 1 |
_aصيدا، لبنان : _bالمكتبة العصرية، _c2003 |
|
| 300 |
_a182 صفحة ؛ _c24 سم |
||
| 336 |
_aنص _btxt _2rdacontent _3كتاب |
||
| 337 |
_aبدون وسيط _bn _2rdamedia |
||
| 338 |
_aمجلد _bnc _2rdacarrier |
||
| 650 | 7 |
_aالوحدانية _2aucsh |
|
| 650 | 7 |
_aالشرك بالله _2aucsh |
|
| 700 | 1 |
_aآل زهوي، الداني بن منير _eمحقق. |
|
| 942 |
_2ddc _cBOOK _n0 |
||
| 949 |
_aSA-JeALM _d250709 _umohamedma123 _n1 |
||
| 999 |
_c9647 _d9647 |
||